Animal Collective (Group) Names - Statistics

General Stats
  • This quiz has been taken 72 times
  • The average score is 14 of 27
Answer Stats
Animal Collective Noun % Correct
Whales Pod/School/Gam
94%
Fish School
94%
Cattle Herd
91%
Deer Herd
91%
Elephants Herd/Parade
91%
Lions Pride
91%
Ants Colony/Army
83%
Crows Murder
81%
Owls Parliament
79%
Bats Colony/Cloud/Cauldron
74%
Dolphins Pod
74%
Geese Gaggle
72%
Penguins Colony
68%
Bees Swarm
55%
Kangaroos Troop/Mob
51%
Giraffes Tower
43%
Camels Caravan
30%
Emus Mob
28%
Sharks Shiver
28%
Tigers Ambush/Streak
26%
Lemurs Conspiracy
23%
Cobras Quiver
21%
Goriilas Band
17%
Zebras Zeal
15%
Falcons Cast
11%
Jaguars Shadow
11%
Vultures Venue
4%
No matching quizzes found
Score Distribution
Percent of People with Each Score
Percentile by Number Answered
Your Score History
You have not taken this quiz